| 000 | 00443nam a22001817a 4500 | ||
|---|---|---|---|
| 005 | 20260505084140.0 | ||
| 008 | 260504b |||||||| |||| 00| 0 eng d | ||
| 020 | _a 9786273101736 | ||
| 082 |
_a611 _bLAI-G |
||
| 100 | _aLaiq hussain siddiqui | ||
| 245 | _aGeneral Anatomy/ | ||
| 250 | _a7th.ed | ||
| 260 |
_aPakistan: _bParamount; _c2024. |
||
| 300 | _a180p. | ||
| 500 | _ainclude index. | ||
| 650 | _aMedical / Anatomy | ||
| 999 |
_c37159 _d37159 |
||